|
|
|
|
| LEADER |
00000nam a2200000 a 4500 |
| 001 |
vtls001091510 |
| 003 |
SK-MaSNL |
| 005 |
20260301231232.0 |
| 008 |
250414s1983 xo 0 slo |
| 015 |
|
|
|a SNBA1983/06
|
| 035 |
|
|
|a SNK000034352
|
| 040 |
|
|
|a SNK
|b slo
|c SNK
|e AACR2
|
| 041 |
0 |
|
|a slo
|
| 044 |
|
|
|a xo
|c SK
|
| 080 |
|
|
|a 621.86(075.8)(076.5)
|2 1981
|
| 100 |
1 |
|
|a Tolnay, Marián,
|d 1946-
|4 aut
|9 132277
|
| 245 |
1 |
0 |
|a Zariadenia na manipuláciu s materiálom
|b Návody na cvičenia
|c Marián Tolnay
|
| 250 |
|
|
|a 1. vyd.
|
| 260 |
|
|
|a Bratislava
|b Slovenská vysoká škola technická
|c 1983
|e Bratislava
|f Edičné stredisko SVŠT
|
| 300 |
|
|
|a 84 s., 6,149 AH
|b Tb. Sch.
|c 29 cm
|
| 366 |
|
|
|e 500 výtl.
|
| 500 |
|
|
|a Lit. 15. Schválilo MŠ SSR ako skriptum. Rozmn. 15 zázn. v slov. a češ.
|
| 852 |
|
|
|a Slovenská národná knižnica
|
| 954 |
|
|
|a manipulácia s materiálom
|a zariadenia manipulačné
|
| 958 |
|
|
|a OND
|
| 958 |
|
|
|a NB
|
| 958 |
|
|
|a RM
|
| 958 |
|
|
|a UV
|
| 999 |
|
|
|c 957701
|d 959631
|
| 952 |
|
|
|a SNK
|b SNK
|y PREZ
|7 0
|p 17A0782058
|o snkSB 35582
|0 0
|1 0
|4 0
|d 2012-03-16
|f 1
|l 0
|r 2025-04-11 00:00:00
|w 2026-02-24
|
| 952 |
|
|
|t P60, <04>, [BOOK], {604}
|a SNK
|b SNK
|y VYP
|7 0
|p 17A0235294
|o snkSB 35582 D1
|0 0
|1 0
|4 0
|d 2000-04-12
|l 0
|r 2004-12-31 00:00:00
|w 2026-02-24
|